000 00428cam a2200133ua 4500
041 _aeng
_h
082 _a828.09
_bBOU/DR
100 _aBoutten, James.T .
245 _aDryden of Dramatic poesie Essay with Sir Robert Howards preface to the great favorite dryden,s at essay /
_cJames, T Bowtton.
_hTextual Documents
260 _a :
_bOxford University press ,
_c1964.
300 _a90 ; .
504 _a
999 _c11734
_d11734